000 02132cam a22004574i 4500
003 PE-LiUPU
005 20250731173329.0
008 150625s r 000 0 d
020 _a8477260877
035 _a(Sirsi) i9788477260875
040 _aPE-LiUPU
_bspa
_cPE-LiUPU
_erda
049 _aPRUA
082 0 4 _a223.2
_bL63
_221
100 1 _aLifschitz, Daniel,
_eautor.
245 1 0 _aDichoso el hombre que ama la Torá :
_bSalmo 1 /
_cpor Daniel Lifschitz ; prefacio de Umberto Neri ; [versión castellana, CH. M. y María Luisa Fdez.-Mazarambroz de Vazeux] .
264 1 _aBilbao :
_bEGA,
_c1993.
300 _a255 páginas :
_bilustraciones ;
_c21 centímetros
336 _atext
_2rdacontent
337 _aunmediated
_2rdamedia
338 _avolume
_2rdacarrier
490 0 _aBiblioteca Mercaba. De la Torá al evangelio
505 0 _aSalmo 1. -Introducción al Salmo 1. -La tradición cristiana comenta el Salmo 1. -Salmo 1 parafraseado. -Traducción y tradición. -El uso de las citas paralelas en la tradición hebrea. -Las Bienaventuranzas. -La prohibición de asistir a juegos, teatros y circos en la tradición hebrea y en la Iglesia primitiva. -La Torá. -día y noche en la tradición hebrea. -Los padres de la Iglesia sobre el escrutinio y la meditación de la Escritura. -Obras y autores judíos citados.
526 _aSEG42
526 _aSEG41
526 _aSEG40
526 _aSEG39
526 _aP94
526 _aP87
526 _aP86
526 _aP85
526 _aP77
526 _aP76
526 _aP35
541 _g006-35829;
630 _aBiblia.
_pA.T.
_pSalmos
_xComentarios.
942 _2ddc
_cBOOK
949 _a223.2 L63
_wDEWEY
_c1
_i59030
_lCCODEBUL1
_mBUL
_p21.00
_r0
_sY
_tBOOK
_u2015-6-25
_xTEOLOGIA
_zUNKNOWN
_0COMPRA
_o.STAFF. Colección General
994 _aC0
_bPEPRU
596 _a1
999 _a223.2 L63
_wDEWEY
_c47866
_i59030
_d47866
_e2019-10-10
_f2021-11-11
_g5
_lCCODEBUL1
_mBUL
_n2
_p21.00
_q3
_r0
_sY
_tBOOK
_u2015-6-25
_xTEOLOGIA
_zUNKNOWN
_0COMPRA
_o.STAFF. Colección General
980 _81
_gALBERTO SANCHEZ Responsable de Automatización